The Lithuania Quiz Stats

 Plays Quiz Updated Oct 19, 2017

Also try: The Ukraine Quiz
Challenge
Share
Tweet
Embed
Score 0/36 Timer 07:00
3 Plays Today
Clue Answer % Correct
Flag colorRed
97.8%
Flag colorGreen
96.9%
Flag colorYellow
96.1%
Bordering countryRussia
95.2%
Bordering countryLatvia
94.2%
CurrencyEuro
93.9%
ContinentEurope
92.8%
Bordering countryPoland
91%
Largest ethnic groupLithuanians
90.5%
Official languageLithuanian
90.3%
Drives on the...Right
88.6%
Bordering countryBelarus
88%
Capital city/Largest cityVilnius
84.2%
Bordering seaBaltic
82.5%
Third largest ethnic groupRussians
81.4%
Official nameRepublic of Lithuania
78%
Year second independence recognized1991
76.9%
Largest religious denominationRoman Catholicism
75.4%
Clue Answer % Correct
Joined European Union in...2004
75.4%
Internet TLD.lt
75.3%
Independence lost to...Soviet Union
72.9%
Year second independence declared1990
71.5%
Second largest ethnic groupPoles
71%
Year of first independence1918
47.5%
Second largest cityKaunas
43.6%
Third largest cityKlaipėda
28.8%
PresidentDalia Grybauskaitė
22%
Symbol on coat of armsKnight on horseback
20.1%
Longest riverNemunas
19.5%
Country calling code+370
19.3%
ParliamentSeimas
16.3%
Prime MinisterSaulius Skvernelis
14.4%
National anthemTautiška giesmė (The National Hymn)
14.3%
Nickname of PresidentIron Lady or Steel Magnolia
11.7%
Highest point (294 m)Aukštojas Hill
9.4%
Largest lakeDrūkšiai
9.1%

You're not logged in!

Compare scores with friends on all Sporcle quizzes.
OR
Log In

You Might Also Like...

Show Comments

Extras

Top Quizzes Today


Score Distribution

Your Account Isn't Verified!

In order to create a playlist on Sporcle, you need to verify the email address you used during registration. Go to your Sporcle Settings to finish the process.

Report this User

Report this user for behavior that violates our Community Guidelines.

Details: